000 00371nam a22001577a 4500
003 MPLRDC
005 20220104123511.0
008 210129b ||||| |||| 00| 0 eng d
082 _a220.7 SYFS
100 _a圣严
245 _a正信的佛教
_c
260 _a
_b马来亚佛青基公会
_c1988
300 _b
650 _a佛教杂论
942 _cBK
_o220.7 SYFS
999 _c11920
_d11910